000 00563nam a22001937a 4500
003 OSt
005 20240724095854.0
008 141106b xxu||||| |||| 00| 0 eng d
020 _a190096113
040 _c040a
082 _a320
_bKOC 1998
100 _aKoch,Richard
_91853
245 _aThe third revolution :
_bcreating unprecedented wealth and happiness for everyone in the new millennium /
_cRichard Koch
260 _aOxford
_bCapstone
_c1998
300 _axxxiv, 283p ;
_c8 cm.
504 _aincludes index
650 _arevolution
_91854
942 _2ddc
_cSLOAN
999 _c701
_d701